000 00283nam a22001217a 4500
008 181017b xxu||||| |||| 00| 0 eng d
041 _aeng
080 _a159.9
100 _a49
101 _apsi
245 _aAdvanced In Learning And Behavioral
_cCadow,K D
942 _2udc
_cBK
999 _c49995
_d49995